Argentina : Detailed Assessment of Observance of Principles for Insurance Supervision.

Argentina's insurance market is fragmented, and competition has increased in recent years. Currently, excessive premium discounting by insurance companies is creating risks that insurance companies may be under-reserved and may not be able to meet future liabilities. The evolution of liability...

Fuld beskrivelse

Bibliografiske detaljer
Institution som forfatter: International Monetary Fund
Format: Tidsskrift
Sprog:English
Udgivet: Washington, D.C. : International Monetary Fund, 2012.
Serier:IMF Staff Country Reports; Country Report ; No. 2012/270
Online adgang:Full text available on IMF
LEADER 01705cas a2200241 a 4500
001 AALejournalIMF012159
008 230101c9999 xx r poo 0 0eng d
020 |c 5.00 USD 
020 |z 9781475510584 
022 |a 1934-7685 
040 |a BD-DhAAL  |c BD-DhAAL 
110 2 |a International Monetary Fund. 
245 1 0 |a Argentina :   |b Detailed Assessment of Observance of Principles for Insurance Supervision. 
264 1 |a Washington, D.C. :  |b International Monetary Fund,  |c 2012. 
300 |a 1 online resource (56 pages) 
490 1 |a IMF Staff Country Reports 
500 |a <strong>Off-Campus Access:</strong> No User ID or Password Required 
500 |a <strong>On-Campus Access:</strong> No User ID or Password Required 
506 |a Electronic access restricted to authorized BRAC University faculty, staff and students 
520 3 |a Argentina's insurance market is fragmented, and competition has increased in recent years. Currently, excessive premium discounting by insurance companies is creating risks that insurance companies may be under-reserved and may not be able to meet future liabilities. The evolution of liability insurance is positive but will require developing specific expertise. In line with developments around the world, the adoption of a risk-based supervisory approach is essential to properly monitor a rapidly evolving market. To successfully address these challenges, additional resources as well as operational independence is required. 
538 |a Mode of access: Internet 
830 0 |a IMF Staff Country Reports; Country Report ;  |v No. 2012/270 
856 4 0 |z Full text available on IMF  |u http://elibrary.imf.org/view/journals/002/2012/270/002.2012.issue-270-en.xml  |z IMF e-Library